Fichero de actividades : educación física :

Gespeichert in:
Bibliographische Detailangaben
Körperschaften: México. Secretaría de Educación Pública. Subsecretaría de Educación Básica y Normal. Dirección General de Materiales y Métodos Educativos., Comisión Nacional de Libros de Texto Gratuitos. (México)
Weitere Verfasser: Reynoso Angulo, Rebeca (Projektleitung)
Format: Buch
Sprache:Spanisch
Erschienen: México : Secretaría de Educación Pública, Dirección General de Materiales y Métodos Educativos : Comisión Nacional de Libros de Texto Gratuitos. c2002[reimpresión 2003].
Ausgabe:2a. ed.
Katalog:MANES:  Suchergebnis im Bibliothekskatalog
Schulbuchspezifische Eigenschaften:
Schriftenreihe:Libro de texto gratuito
Tags: Tag hinzufügen
Keine Tags, Fügen Sie den ersten Tag hinzu!
Hinzugefügt zu:06.05.2008
Geändert in:08.05.2025

MARC

LEADER 00000cam a2200000 a 4500
003 OSt
005 20250508092023.0
008 080507n2002 mx f 000 0 spa d
020 |a 9701879945 
050 0 4 |a LTG LB1587.5  |b M49 2º 2002 
051 0 4 |a LTG LB1587.5-M49 2º 2002 
110 2 |a México.  |b Secretaría de Educación Pública.  |b Subsecretaría de Educación Básica y Normal.  |b Dirección General de Materiales y Métodos Educativos.  |9 24461 
245 0 0 |a Fichero de actividades :  |b educación física :  |b segundo ciclo :  |b juegos con reglas, juegos modificados, circuitos de acción motriz /  |c coordinación Rebeca Reynoso Angulo. 
250 |a 2a. ed. 
260 |a México :  |b Secretaría de Educación Pública, Dirección General de Materiales y Métodos Educativos : Comisión Nacional de Libros de Texto Gratuitos.  |c c2002[reimpresión 2003]. 
300 |a 46 p. :  |b il. ;  |c 21 cm. 
440 |a Libro de texto gratuito  |9 21882 
500 |a Ciclo escolar 2003-2004. 
546 |a México 
561 |5 mx-CINVES  |a México. DIE-Cinvestav (Ciudad de México)  |k MANES 
691 0 |a PRI 
700 1 |a Reynoso Angulo, Rebeca,  |e coord. 
710 2 |a Comisión Nacional de Libros de Texto Gratuitos. (México)  |9 24074 
910 |a E-35077  |b Don.-2002  |a E-35078(ej.2)  |b Don.- 2002. 
911 |a E-35077 
942 |2 ddc  |c BK 
999 |c 54563  |d 54563 
999 |c manes:54563  |d 54563